000 00794nam0a22002531 4500
001 rc\2654942
005 20250529192502.0
035 _a(NLR Aleph) 006962253
090 _a5356216
_c5356216
100 _a20110614d1929 |||y0rusy50 ca
101 0 _arus
102 _aRU
105 _ay z |||||
200 1 _aIV конгресс Профинтерна
_fПод ред. А. Лозовского
210 _aХарьков
_cУкраїнський робітник
_d1929
215 _a102, [2] с.
_d18,5 см
300 _aИстория Профинтерна в конгрессах
700 1 _aКутник
_bЭ.
702 1 _aЛозовский
_bА.
_f1878-1952
_4340
801 0 _aRU
_bNLR
_gpsbo
801 1 _aRU
_bELAR
_2rusmarc
852 _aNLR
_j30-2/459
942 _cBOOK
980 _aNB